Zmeny v zákone o Sociálnej poisťovni po novele minimálnej mzdy
Dňom 1. apríla 1999 nadobudol účinnosť zákon, ktorým sa mení a dopĺňa zákon NR SR č. 90/1996 Z.z. o minimálnej mzde v znení zákona č. 366/1997 a o zmene a doplnení niektorých ďalších zákonov. Zmeny v zákone o Sociálnej poisťovni. Minimálna výška vymeriavacieho základu. Väzby na minimálnu mzdu. Maxim...
Guardado en:
| Autor principal: | |
|---|---|
| Otros Autores: | |
| Formato: | Capítulo de libro |
| Lenguaje: | eslovaco |
| Materias: | |
| Etiquetas: |
Sin Etiquetas, Sea el primero en etiquetar este registro!
|
MARC
| LEADER | 00000naa a2200000 4500 | ||
|---|---|---|---|
| 001 | r035284 | ||
| 005 | 20230926081334.0 | ||
| 041 | 0 | |a slo | |
| 044 | |a SK | ||
| 245 | 1 | 0 | |a Zmeny v zákone o Sociálnej poisťovni po novele minimálnej mzdy |c Eleonóra Novotná, Kornélia Kasanická |
| 520 | |a Dňom 1. apríla 1999 nadobudol účinnosť zákon, ktorým sa mení a dopĺňa zákon NR SR č. 90/1996 Z.z. o minimálnej mzde v znení zákona č. 366/1997 a o zmene a doplnení niektorých ďalších zákonov. Zmeny v zákone o Sociálnej poisťovni. Minimálna výška vymeriavacieho základu. Väzby na minimálnu mzdu. Maximálna výška vymeriavacieho základu. Oslobodenie od povinnosti platiť poistné. | ||
| 610 | 2 | 0 | |a mzdy minimálne |
| 610 | 2 | 0 | |a poistenie nemocenské |
| 610 | 2 | 0 | |a poistné |
| 610 | 2 | 0 | |a zabezpečenie dôchodkové |
| 610 | 2 | 0 | |a úpravy právne |
| 610 | 2 | 0 | |a zákony |
| 610 | 2 | 0 | |a Sociálna poisťovňa, a.s. Bratislava |
| 610 | 2 | 0 | |a novelizácia |
| 610 | 2 | 0 | |a komentáre |
| 610 | 2 | 0 | |a 1999 |
| 100 | 1 | |a Novotná, Eleonóra | |
| 700 | 1 | |a Kasanická, Kornélia | |